000 00890nam a22002777a 4500
001 BR9405760
003 BR-BrBNA
005 20230928094334.0
007 ta
008 230509b bl.||||| |||| 00| 0 por d
040 _aBR-BrBNA
_bpor
_cBiblioteca Nacional de Agricultura
041 _a(Por)
072 _aF30; F50
_b0230
090 _ 0230 BR9405760
100 1 _aFalco, M.C.
110 1 _aEscola Superior de Agricultura Luiz de Queiroz, Piracicaba, SP (Brasil)
_0Tese (Mestre em Agronomia)
245 1 _aCultura de celulas em suspensao e protoplastos em cana-de-acucar
260 3 _aPiracicaba, SP (Brasil):
_c1993.
300 _a131 p.
500 _a23 graphs; 18 tables; Summaries (Eng, Por); Bibliography p. 118-131 (67 ref.)
650 _aCana de Acucar
650 _aCultura de Tecido
650 _aRegeneracao
909 _a202309
_bLucia
_c55
_dLucia Elande
942 _cBK
999 _c50157
_d50157